Consumer law in Zimbabwe/ (Record no. 168332)

MARC details
000 -LEADER
fixed length control field 00623nam a2200217 a 4500
008 - FIXED-LENGTH DATA ELEMENTS--GENERAL INFORMATION
fixed length control field
020 ## - INTERNATIONAL STANDARD BOOK NUMBER
International Standard Book Number 9780797485723 (pbk. )
049 ## - LOCAL HOLDINGS (OCLC)
Holding library MAIN
090 ## - LOCALLY ASSIGNED LC-TYPE CALL NUMBER (OCLC); LOCAL CALL NUMBER (RLIN)
Classification number (OCLC) (R) ; Classification number, CALL (RLIN) (NR) KD2204
Local cutter number (OCLC) ; Book number/undivided call number, CALL (RLIN) MUC
003 - CONTROL NUMBER IDENTIFIER
control field
005 - DATE AND TIME OF LATEST TRANSACTION
control field 20230123141134.0
040 ## - CATALOGING SOURCE
Transcribing agency NUST
100 1# - MAIN ENTRY--PERSONAL NAME
Personal name Mucheche, Calen.H.
245 10 - TITLE STATEMENT
Title Consumer law in Zimbabwe/
Statement of responsibility, etc. Caleb Mucheche.
260 ## - PUBLICATION, DISTRIBUTION, ETC.
Place of publication, distribution, etc. Harare
Name of publisher, distributor, etc. Zimlaw trust,
Date of publication, distribution, etc. 2018.
300 ## - PHYSICAL DESCRIPTION
Extent x,127 p. :
Other physical details ill. ;
Dimensions 23 cm.
500 ## - GENERAL NOTE
General note Includes bibliographical references.
650 #1 - SUBJECT ADDED ENTRY--TOPICAL TERM
Topical term or geographic name entry element legal rights of consumers.
907 ## - LOCAL DATA ELEMENT G, LDG (RLIN)
a .b10395696
b 08-01-19
c 17-12-18
942 ## - ADDED ENTRY ELEMENTS (KOHA)
Koha item type Ordinary Loan Books
Call number prefix KD2204
Call number suffix MUC
Holdings
Date last seen Total Checkouts Full call number Barcode Cost, replacement price Price effective from Koha item type Lost status Source of classification or shelving scheme Damaged status Not for loan Collection Withdrawn status Home library Current library Shelving location Date acquired Cost, normal purchase price
01/23/2023   KD2204 MUC 92004046027 80.00 01/23/2023 BOOKS   LCC     NFIC   MAIN MAIN GEN 01/23/2023 80.00